000 00452nam a2200193Ia 4500
005 20240823050820.0
008 240823s9999||||xx |||||||||||||| ||und||
020 _a978-1-107-68185-9
041 _aENGLISH
082 _A822.33 Q3
100 _aMahood M M.
245 4 _aThe Merchant of Venice
250 _a1st
260 _c2013
_bCambridege University Press
500 _aYES
650 _aGeneral
_bGeneral
942 _cBK
999 _c218119
_d218119